TV Shows Missing 'A' Words Quiz Stats

 Plays Quiz Updated Jun 6, 2018

Score 0/18 Timer 03:00
3 Plays Today
Hint Answer % Correct
Angels
97.3%
Addams
94.9%
About
94.8%
Alfred
94.6%
Afraid
93.7%
Anarchy
93.1%
Anyway
93%
American
91.8%
Agents
86.2%
Hint Answer % Correct
Arnold
80.3%
Abbott
76.8%
Acres
73.2%
Ali
65.7%
Avatar
59.7%
Adventure
55%
Adder
51.6%
Aqua
42.8%
Adjust
36%

You're not logged in!

Compare scores with friends on all Sporcle quizzes.
OR
Log In

Sporcle TV

Today on Sporcle TV


Watch our educational content, quiz creation guides, and fun videos on Sporcle TV.

Show Comments

Extras

Top Quizzes Today


Score Distribution

Your Account Isn't Verified!

In order to create a playlist on Sporcle, you need to verify the email address you used during registration. Go to your Sporcle Settings to finish the process.

Report this User

Report this user for behavior that violates our Community Guidelines.

Details: